000 00511nam a22001697a 4500
005 20251108171805.0
008 250721s2003 xx 000 0 ara d
082 1 4 _a747.4/محم
100 1 _aمحمد، أيمن سعدي
245 1 0 _aعلم الديكور الحديث :
_bتكنولوجيا الديكور /
250 _aط1.
264 1 _aعمان :
_bدار الصفاء للنشر و التوزيع،
_c2003.
300 _a136ص.
650 1 7 _aالديكور
942 _2ddc
_cBK
999 _c62568
_d62568